The quickening of America : rebuilding our nation, remaking our lives /

Bibliographic Details
Main Author: Lappé, Frances Moore
Other Authors: Du Bois, Paul Martin, 1945-
Format: Book
Language:English
Published: San Francisco : Jossey-Bass Publishers, [1994]
Edition:1st ed.
Subjects:

MARC

Tag First Indicator Second Indicator Subfields
LEADER 00000cam a2200000 a 4500
001 in00001241521
005 20151003062839.0
008 930826s1994 caua b 001 0 eng
010 |a  93035547  
020 |a 1555426050 
035 |a (OCoLC)28846860 
035 |9 AGS8865AM 
040 |a DLC  |c DLC  |d TXA  |d UtOrBLW 
043 |a n-us--- 
049 |a TXAM 
050 0 0 |a JK1764  |b .L36 1994 
082 0 0 |a 323/.042/0973  |2 20 
100 1 |a Lappé, Frances Moore. 
245 1 4 |a The quickening of America :  |b rebuilding our nation, remaking our lives /  |c Frances Moore Lappé, Paul Martin Du Bois. 
250 |a 1st ed. 
264 1 |a San Francisco :  |b Jossey-Bass Publishers,  |c [1994] 
264 4 |c ©1994 
300 |a xiv, 338 pages :  |b illustrations ;  |c 24 cm. 
336 |a text  |b txt  |2 rdacontent 
337 |a unmediated  |b n  |2 rdamedia 
338 |a volume  |b nc  |2 rdacarrier 
504 |a Includes bibliographical references (pages 317-325) and index. 
541 0 |a Donated by The Department of Multicultural Services  |d 20120612 
650 0 |a Political participation  |z United States. 
650 0 |a Democracy  |z United States. 
650 0 |a Social participation  |z United States. 
700 1 |a Du Bois, Paul Martin,  |d 1945- 
999 |a MARS 
999 f f |s 6a84f6bf-68a3-31cc-aada-5ffedf84b915  |i 495337a8-2297-3e4d-b19f-ab77f56006fe  |t 0 
952 f f |p ric  |a Texas A&M University  |b Rellis Campus  |c Joint Library Facility  |d Remote Storage  |t 0  |e JK1764 .L36 1994  |h Library of Congress classification  |i unmediated -- volume  |m A14819316635 
952 f f |p noncirc  |a Texas A&M University  |b College Station  |c Cushing Memorial Library & Archives  |d Cushing: Area Studies/Africana (Does not check out)  |t 0  |e JK1764 .L36 1994  |h Library of Congress classification  |i unmediated -- volume 
998 f f |a JK1764 .L36 1994  |t 0  |l Remote Storage 
998 f f |a JK1764 .L36 1994  |t 0  |l Cushing: Area Studies/Africana (Does not check out)